Структура образа Лондона в очерке "Лондон" М. Горького; Международный журнал прикладных и фундаментальных исследований; № 2, ч. 2

Detalhes bibliográficos
Parent link:Международный журнал прикладных и фундаментальных исследований.— , 2007-
№ 2, ч. 2.— 2015.— [С. 304-306]
Autor principal: Воробьёва Л. В. Людмила Владимировна
Autor Corporativo: Национальный исследовательский Томский политехнический университет
Resumo:Заглавие с экрана
Работа посвящена анализу лондонского текста русской культуры первой половины ХХ века в очерковой прозе М. Горького. Впервые образ города рассматривается через соотношение кода и исторической реальности. Это дает возможность говорить о многоуровневой системе восприятия города в рамках русской ментальности. В работе показано, каким образом столица западной цивилизации усваивается русским сознанием и становится включенным в общерусский литературный и культурный контекст.
The paper is devoted to the analysis of the London text of the Russian culture of the first half of the XX century in documentary prose of M. Gorky. For the first time the image of the city is considered through a ratio of a code and historical reality. It gives the chance to speak about multilevel system of perception of the city within the Russian mentality. In work it is shown how the capital of the western civilization is acquired by the Russian consciousness and becomes included in the all-Russian literary and cultural context.
Режим доступа: по договору с организацией-держателем ресурса
Idioma:russo
Publicado em: 2015
Colecção:Филологические науки
Assuntos:
Acesso em linha:http://elibrary.ru/item.asp?id=22994797
http://www.rae.ru/upfs/?section=content&op=show_article&article_id=6458
Formato: Recurso Electrónico Capítulo de Livro
KOHA link:https://koha.lib.tpu.ru/cgi-bin/koha/opac-detail.pl?biblionumber=643984

MARC

LEADER 00000nla0a2200000 4500
001 643984
005 20250904155038.0
035 |a (RuTPU)RU\TPU\network\8999 
035 |a RU\TPU\network\8938 
090 |a 643984 
100 |a 20151020d2015 k||y0rusy50 ca 
101 0 |a rus 
102 |a RU 
135 |a drcn ---uucaa 
181 0 |a i  
182 0 |a b 
200 1 |a Структура образа Лондона в очерке "Лондон" М. Горького   |d The London image structure in the sketch "London" of M.Gorky  |f Л. В. Воробьёва 
203 |a Текст  |c электронный 
225 1 |a Филологические науки 
300 |a Заглавие с экрана 
320 |a [Библиогр.: с. 306 (3 назв.)] 
330 |a Работа посвящена анализу лондонского текста русской культуры первой половины ХХ века в очерковой прозе М. Горького. Впервые образ города рассматривается через соотношение кода и исторической реальности. Это дает возможность говорить о многоуровневой системе восприятия города в рамках русской ментальности. В работе показано, каким образом столица западной цивилизации усваивается русским сознанием и становится включенным в общерусский литературный и культурный контекст. 
330 |a The paper is devoted to the analysis of the London text of the Russian culture of the first half of the XX century in documentary prose of M. Gorky. For the first time the image of the city is considered through a ratio of a code and historical reality. It gives the chance to speak about multilevel system of perception of the city within the Russian mentality. In work it is shown how the capital of the western civilization is acquired by the Russian consciousness and becomes included in the all-Russian literary and cultural context. 
333 |a Режим доступа: по договору с организацией-держателем ресурса 
461 |t Международный журнал прикладных и фундаментальных исследований  |d 2007- 
463 |t № 2, ч. 2  |v [С. 304-306]  |d 2015 
510 1 |a The London image structure in the sketch "London" of M.Gorky  |z eng 
600 1 |a Горький  |b М.  |c настоящая фамилия Пешков  |c русский писатель  |c публицист  |f 1868-1936  |g Максим  |2 stltpush  |3 (RuTPU)RU\TPU\pers\1037  |9 460 
610 1 |a электронный ресурс 
610 1 |a труды учёных ТПУ 
610 1 |a Лондон 
610 1 |a образ 
610 1 |a русская культура 
610 1 |a ментальность 
700 1 |a Воробьёва  |b Л. В.  |c лингвист  |c доцент Томского политехнического университета, кандидат филологических наук  |f 1979-  |g Людмила Владимировна  |3 (RuTPU)RU\TPU\pers\26956  |9 12566 
712 0 2 |a Национальный исследовательский Томский политехнический университет  |c (2009- )  |9 26305 
801 2 |a RU  |b 63413507  |c 20220413  |g RCR 
856 4 |u http://elibrary.ru/item.asp?id=22994797 
856 4 0 |u http://www.rae.ru/upfs/?section=content&op=show_article&article_id=6458 
942 |c CF